La voz y la fuente

Gespeichert in:
Bibliographische Detailangaben
1. Verfasser: González Villanueva, Gustavo
Format: Buch
Sprache:Undetermined
Veröffentlicht: San José, Costa Rica Promesa 1994
Schlagworte:
Tags: Tag hinzufügen
Keine Tags, Fügen Sie den ersten Tag hinzu!

MARC

LEADER 00000nam a2200000Ia 4500
008 170316s9999 xx 000 0 und d
040 |a cru BVZT 
090 |a 860 G-25v 
100 |a González Villanueva, Gustavo 
245 |a La voz y la fuente 
260 |a San José, Costa Rica 
260 |b Promesa 
260 |c 1994 
300 |a 58 páginas 
650 |a LITERATURA LATINOAMERICANA 
999 |c 8752  |d 8752 
942 |c 15 D  |h 860 G-25v  |2 z